<?xml version="1.0" encoding="UTF-8"?><?xml-stylesheet type="text/xsl" href="static/style.xsl"?><OAI-PMH xmlns="http://www.openarchives.org/OAI/2.0/" xmlns:xsi="http://www.w3.org/2001/XMLSchema-instance" xsi:schemaLocation="http://www.openarchives.org/OAI/2.0/ http://www.openarchives.org/OAI/2.0/OAI-PMH.xsd"><responseDate>2026-04-14T05:25:52Z</responseDate><request verb="GetRecord" identifier="oai:www.recercat.cat:2072/465124" metadataPrefix="marc">https://recercat.cat/oai/request</request><GetRecord><record><header><identifier>oai:recercat.cat:2072/465124</identifier><datestamp>2025-04-03T08:34:38Z</datestamp><setSpec>com_2072_98</setSpec><setSpec>col_2072_378192</setSpec></header><metadata><record xmlns="http://www.loc.gov/MARC21/slim" xmlns:dcterms="http://purl.org/dc/terms/" xmlns:xsi="http://www.w3.org/2001/XMLSchema-instance" xmlns:doc="http://www.lyncode.com/xoai" xsi:schemaLocation="http://www.loc.gov/MARC21/slim http://www.loc.gov/standards/marcxml/schema/MARC21slim.xsd">
   <leader>00925njm 22002777a 4500</leader>
   <datafield ind2=" " ind1=" " tag="042">
      <subfield code="a">dc</subfield>
   </datafield>
   <datafield ind2=" " ind1=" " tag="720">
      <subfield code="a">Adnet, Sylvain</subfield>
      <subfield code="e">author</subfield>
   </datafield>
   <datafield ind2=" " ind1=" " tag="720">
      <subfield code="a">Charpentier, Vincent</subfield>
      <subfield code="e">author</subfield>
   </datafield>
   <datafield ind2=" " ind1=" " tag="260">
      <subfield code="c">2022</subfield>
   </datafield>
   <datafield ind2=" " ind1=" " tag="520">
      <subfield code="a">Acknowledgement. We gratefully thank Jorge Carrillo-Briceño and Gloria Arratia for their constructive criticism and comments on the manuscript. We also wish to thank the Ministry of Heritage and Tourism of the Sultanate of Oman for granting us permission to carry out fieldwork along the Omani Arabian sea shores, with specific reference to H.E. Salim Mohammed Al Mahruqi, Minister; Mr. Sultan Said Al-Bakri, Director General for Archaeology; Mr. Khamis Al Asmi, Director of the Department of Excavations and Archaeological Studies; M. Ali Al Mashani of the Salalah department. We would like to thank the Consultative Commission for Excavations Abroad of the French Ministry of European and Foreign Affairs, the Agence Nationale de la Recherche with the NeoArabia Program (ANR-16-CE03-0007, CNRS, Inrap, MNHN) for funding the archaeological Mission «Archaeology of the Arabian Sheashores»</subfield>
   </datafield>
   <datafield ind2=" " ind1=" " tag="520">
      <subfield code="a">Here we describe a new elasmobranch assemblage consisting of isolated dental material from the Aquitanian near-shore marine deposits of the Shuwayr and Warak formations at Sharbithat, in eastern Sultanate of Oman. The faunal composition clearly indicates affinities to other early Miocene elasmobranch-bearing localities worldwide. This assemblage is predominantly composed of large and common pelagic sharks as well as teeth attributable to a new species of fantail stingray, Taeniurops tosii, as old as the oldest undisputable fossil records of Taeniurops. The study of this fossil assemblage presented here improves the knowledge of the ancient elasmobranchs that frequented the eastern Arabian coasts during the closure of the Neotethys and the birth of the Arabian Sea.</subfield>
   </datafield>
   <datafield tag="653" ind2=" " ind1=" ">
      <subfield code="a">Early Miocene</subfield>
   </datafield>
   <datafield tag="653" ind2=" " ind1=" ">
      <subfield code="a">Early Neogene</subfield>
   </datafield>
   <datafield tag="653" ind2=" " ind1=" ">
      <subfield code="a">Elasmobranchs</subfield>
   </datafield>
   <datafield tag="653" ind2=" " ind1=" ">
      <subfield code="a">Taeniurops</subfield>
   </datafield>
   <datafield tag="653" ind2=" " ind1=" ">
      <subfield code="a">New species</subfield>
   </datafield>
   <datafield tag="653" ind2=" " ind1=" ">
      <subfield code="a">Arabian Sea</subfield>
   </datafield>
   <datafield ind2="0" ind1="0" tag="245">
      <subfield code="a">A new elasmobranch fauna from the early Miocene of Sharbithat (Sultanate of Oman) reveals the teeth of an ancient fantail stingray</subfield>
   </datafield>
</record></metadata></record></GetRecord></OAI-PMH>